[Event "II Duchamp GM"]
[Site "Buenos Aires ARG"]
[Date "2010.12.18"]
[Round "8"]
[White "Saldano Dayer,H"]
[Black "Milos,G"]
[Result "1/2-1/2"]
[WhiteElo "2405"]
[BlackElo "2596"]

1.e4 c5 2.Nf3 d6 3.Bb5+ Nd7 4.d4 Nf6 5.Nc3 cxd4 6.Qxd4 e5 7.Qd3 h6 8.Be3 Be7
9.O-O O-O 10.Bc4 a6 11.a4 Qc7 12.Nh4 Nc5 13.Bxc5 Qxc5 14.Ng6 Re8 15.Nxe7+ Rxe7
16.Rfd1 Rc7 17.Bb3 Bg4 18.Rd2 Rd8 19.Nd5 Nxd5 20.Bxd5 Be6 21.c3 Bxd5 22.Qxd5 Qxd5
23.Rxd5 Kf8 24.f3 Rc5 25.Rad1 Rxd5 26.Rxd5 Ke7 27.c4 g6 28.Kf2 Rc8 29.b3 f5
30.Ke3 f4+ 31.Ke2 g5 32.a5 h5 33.h3 Ke6 34.Kf2 Rc7 35.Ke2 Rg7 36.Kf2 g4 37.fxg4 hxg4
38.hxg4 Rxg4 39.Rd3 Rh4 40.Rd1 Rh8 41.Kg1 b6 42.axb6 Rb8 43.Rd5 Rxb6 44.c5 dxc5
45.Rxc5 Kf6 46.Ra5 Rxb3  1/2-1/2

[Event "European Rapid Championship"]
[Site "Warsaw POL"]
[Date "2010.12.18"]
[Round "2"]
[White "Gasik,An"]
[Black "Korobov,A"]
[Result "0-1"]
[WhiteElo "2196"]
[BlackElo "2684"]

1.e4 c5 2.Nf3 d6 3.Bb5+ Bd7 4.Bxd7+ Qxd7 5.O-O Nc6 6.c3 Nf6 7.Re1 e6 8.d4 cxd4
9.cxd4 d5 10.e5 Ne4 11.Nbd2 Nxd2 12.Bxd2 Be7 13.a3 O-O 14.h4 f6 15.exf6 Bxf6
16.Bg5 h6 17.Bxf6 Rxf6 18.Ne5 Nxe5 19.Rxe5 Raf8 20.Qd2 Rxf2 21.Qxf2 Rxf2
22.Kxf2 Qa4 23.b4 Qc2+ 24.Re2 Qd3 25.Rae1 Qxd4+ 26.Kg3 h5 27.Rxe6 Qg4+ 28.Kf2 Qxh4+
29.g3 Qh2+ 30.Kf3 Qa2 31.R6e3 Qc4 32.Re8+ Kh7 33.R8e5 Kh6 34.Re6+ g6 35.Rd6 Qg4+
36.Kf2 h4 37.Rxd5 Qxg3+  0-1

[Event "European Rapid Championship"]
[Site "Warsaw POL"]
[Date "2010.12.18"]
[Round "4"]
[White "Deszczynski,A"]
[Black "Moranda,W"]
[Result "0-1"]
[WhiteElo "2366"]
[BlackElo "2578"]

1.e4 c5 2.Nf3 d6 3.Bb5+ Nc6 4.O-O Bd7 5.Re1 Nf6 6.c3 a6 7.Bf1 Bg4 8.d3 e6
9.Nbd2 Nd7 10.h3 Bh5 11.g4 Bg6 12.d4 cxd4 13.cxd4 Be7 14.d5 Nce5 15.dxe6 fxe6
16.Nxe5 dxe5 17.Bc4 Nc5 18.Nb3 Qxd1 19.Rxd1 Nxe4 20.Bxe6 h5 21.f3 Ng5 22.Bxg5 Bxg5
23.Kg2 Ke7 24.Nc5 Rad8 25.Bd5 hxg4 26.fxg4 Bc2 27.b4 b6  0-1

[Event "European Rapid Championship"]
[Site "Warsaw POL"]
[Date "2010.12.18"]
[Round "4"]
[White "Pedzich,D"]
[Black "Malec,S"]
[Result "1-0"]
[WhiteElo "2418"]
[BlackElo "2210"]

1.e4 c5 2.Nf3 d6 3.Bb5+ Bd7 4.Bxd7+ Qxd7 5.O-O Nf6 6.Qe2 Nc6 7.c3 Qg4 8.Re1 e6
9.h3 Qh5 10.d4 cxd4 11.cxd4 d5 12.e5 Ne4 13.Be3 Be7 14.Nbd2 Nxd2 15.Bxd2 O-O
16.Rac1 a6 17.Qd3 Rfc8 18.Rc2 Qg6 19.Qxg6 hxg6 20.Rec1 Na7 21.Rc7 Kf8 22.Rxb7 Nc6
23.Rb6 Nd8 24.Rxc8 Rxc8 25.Rxa6 Nc6 26.Rb6 Ke8 27.Kf1 Rc7 28.Ke2 Kd7 29.Kd3 f6
30.Rb5 Ra7 31.a3 Bd8 32.g4 Bc7 33.exf6 gxf6 34.h4 Kd6 35.Bb4+ Nxb4+ 36.Rxb4 e5
37.dxe5+ fxe5 38.Ke2 Ra8 39.h5 gxh5 40.gxh5 d4 41.Ng5 Kd5 42.Rb5+ Kc6 43.Rb3 Kd5
44.h6 e4 45.Rb5+ Kc6 46.Rf5 Re8 47.h7 d3+ 48.Kd1 Rh8 49.Kd2 Bd8 50.Nxe4 Rxh7
51.Kxd3 Rd7+ 52.Kc4 Bb6 53.Rf6+ Kc7 54.Nc3 Rd4+ 55.Kb5 Ba7 56.Rf7+ Kb8 57.a4 Rd2
58.b4 Rxf2 59.Rxf2 Bxf2 60.Kc6 Ka7 61.b5 Be1 62.Nd5 Ba5 63.Nf6 Bd8 64.Nd7 Bh4
65.Nc5 Bd8 66.Nb7 Bg5 67.Nc5 Bd8 68.Nb3 Bh4 69.Nc5 Bd8 70.Ne4 Ba5 71.Nd6 Bd8
72.Nb7 Bg5 73.Nc5 Bd8 74.Nb7 Bg5 75.a5 Be3 76.Nc5 Ka8 77.b6 Bf4 78.a6 Bg3
79.Ne6 Kb8 80.Nc7 Bxc7 81.bxc7+ Ka7 82.c8=R  1-0

[Event "European Rapid Championship"]
[Site "Warsaw POL"]
[Date "2010.12.18"]
[Round "5"]
[White "Leniart,A"]
[Black "Mustaps,M"]
[Result "1/2-1/2"]
[WhiteElo "2442"]
[BlackElo "2256"]

1.e4 c5 2.Nf3 d6 3.Bb5+ Bd7 4.Bxd7+ Qxd7 5.O-O Nf6 6.Nc3 Nc6 7.d4 cxd4 8.Nxd4 g6
9.Re1 Bg7 10.Nf3 O-O 11.Nd5 Rac8 12.h3 Rfd8 13.c3 e6 14.Nxf6+ Bxf6 15.Bg5 Bxg5
16.Nxg5 h6 17.Nf3 d5 18.e5 d4 19.Qd2 Kg7 20.Rad1 d3 21.Re3 Qd5 22.b3 Qa5
23.a4 b6 24.Rc1 Qd5 25.c4 Qa5 26.Rc3 Nb4 27.Re4 Qc5 28.Rh4 Rh8 29.Rc1 Rcd8
30.Re1 Nc6 31.Qf4 Qe7 32.Qe4 Nb4 33.Rf4 a5 34.Rd1 Rd7 35.Rd2 Rhd8 36.Qe3 Qc5
37.Qe4 Nc2 38.Rh4 Nd4 39.Qf4 Nf5 40.Rg4 Qe7 41.Qe4 h5 42.Rg5 Rd4 43.Qe1 Rf4
44.Rxf5 exf5 45.Qd1 Qd7 46.Qa1 Kg8 47.Qc3 Re4 48.Kh2 Re2 49.Rd1 d2 50.Kg1 Qd3
51.Qxd3 Rxd3 52.Kf1 Re4 53.Rxd2 Rxb3 54.Kg1 Rxf3 55.gxf3 Rxc4 56.Rd6 Rxa4
57.Rxb6 Kf8 58.e6 fxe6 59.Rxe6 Kg7 60.Kg2 h4 61.Ra6 Kh6 62.Ra8 Kg5 63.Ra6 Ra3
64.Ra7 Ra1 65.Ra6 a4 66.Ra5 a3 67.Ra4 Ra2 68.f4+ Kf6 69.Ra6+ Kf7 70.Kf3 Ra1
71.Kg2 Ke7 72.Rxg6 Rb1 73.Ra6 Rb3 74.Ra5 Ke6 75.Re5+ Kf6 76.Ra5 Ke6 77.Re5+ Kf6
78.Ra5 Rc3 79.Ra6+ Ke7 80.Ra5 Ke6 81.Re5+ Kf6 82.Ra5 Rd3 83.Ra6+ Ke7 84.Ra5 Ke6
85.Re5+ Kd6 86.Rxf5 Rd5 87.Rf6+ Kc5 88.Ra6 Kb4 89.Kf3 Ra5 90.Rb6+ Kc3 91.Rb1 a2
92.Ra1 Kb2 93.Re1 Rc5 94.Kg4 Rc1 95.Re2+ Rc2 96.Re1 Rxf2 97.Kxh4 Rxf4+ 98.Kg5 Rf2
99.h4 Ka3 100.h5 Rg2+ 101.Kf5 Kb3 102.Ra1 Kb2 103.Rxa2+ Kxa2 104.h6 Kb3 105.h7 Rh2
106.Kg6 Kc4 107.Kg7  1/2-1/2

[Event "European Rapid Championship"]
[Site "Warsaw POL"]
[Date "2010.12.18"]
[Round "6"]
[White "Rublevsky,S"]
[Black "Mikrut,D"]
[Result "1/2-1/2"]
[WhiteElo "2678"]
[BlackElo "2372"]

1.e4 c5 2.Nf3 d6 3.Bb5+ Bd7 4.Bxd7+ Nxd7 5.O-O Ngf6 6.Qe2 e6 7.b3 Ne5 8.Nxe5 dxe5
9.Bb2 Nd7 10.d3 Be7 11.Nd2 O-O 12.Nc4 Qc7 13.a4 b6 14.Qg4 Bf6 15.Rae1 a6
16.Qg3 b5 17.Ne3 g6 18.Ra1 Bg7 19.Ra2 f5 20.exf5 exf5 21.Qf3 bxa4 22.bxa4 Rae8
23.Qd5+ Kh8 24.Nc4 Nf6 25.Qd6 Qxd6 26.Nxd6 Re6 27.Nc4 Nd5 28.Ba3 Nc3 29.Rb2 Nxa4
30.Rb7 e4 31.Rfb1 exd3 32.cxd3 Nc3 33.Bb2 Nxb1 34.Bxg7+ Kg8 35.Be5 Rxe5 36.Nxe5 Nc3
37.Nd7 Rf7 38.Rb8+ Kg7 39.Nxc5 Ra7 40.Rb3 Ne2+ 41.Kf1 Nd4 42.Ra3 a5 43.Ra4 Nc6
44.d4 Kf6 45.Ke2 Ke7 46.Kd3 Kd6 47.Kc4 Rc7 48.f4 h6 49.h4 Nxd4 50.Rxa5 Nc6
51.Ra8 Ke7 52.Rh8 Kf6 53.h5 Ne7 54.Kd4 gxh5 55.Rxh6+ Ng6 56.g3 Re7 57.Rxh5 Re1
58.Nd3 Rg1 59.Rg5 Nf8 60.Nc5 Rh1 61.Rg8 Kf7 62.Rg5 Kf6 63.Ke3 Rh3 64.Kf3 Ne6
65.Nxe6 Kxe6 66.Rg6+ Kf7 67.Ra6 Rh1 68.Kg2 Rh8 69.Rb6 Ke7 70.Kf3 Kf7 71.Ke3 Re8+
72.Kf2 Rh8 73.Rd6 Kg7 74.Ke3 Re8+ 75.Kd4 Re1 76.Ra6 Kf7 77.Kd5 Re3 78.Rh6 Kg7
79.Re6 Rxg3 80.Ke5 Rh3 81.Rd6 Rh5 82.Rf6 Rh1 83.Kxf5 Rh5+ 84.Ke6 Ra5 85.Rf7+ Kg8
86.Re7 Ra6+ 87.Kf5 Kf8 88.Re6 Ra7 89.Kf6 Rf7+ 90.Ke5 Ra7 91.Kf6 Rf7+ 92.Kg5 Rg7+
93.Kh6 Rg4 94.Rf6+ Ke7 95.Rf5 Ke6 96.Rf8 Ke7 97.Kh5 Rg1 98.Rf5 Ke6 99.Ra5 Kf6
100.Rg5  1/2-1/2

[Event "European Rapid Championship"]
[Site "Warsaw POL"]
[Date "2010.12.18"]
[Round "6"]
[White "Bologan,V"]
[Black "Vovk,A"]
[Result "1-0"]
[WhiteElo "2686"]
[BlackElo "2546"]

1.e4 c5 2.Nf3 d6 3.Bb5+ Bd7 4.Bxd7+ Qxd7 5.c4 Nc6 6.Nc3 g6 7.d4 cxd4 8.Nxd4 Bg7
9.Be3 Nf6 10.f3 O-O 11.O-O Rfc8 12.Nde2 Qd8 13.Rc1 Qa5 14.b3 a6 15.a4 Nb4
16.Qd2 Qd8 17.Rfd1 Nd7 18.Kh1 Nc5 19.Rb1 Rab8 20.Na2 Nxa2 21.Qxa2 Qf8 22.a5 f5
23.exf5 Qxf5 24.b4 Ne6 25.Ng3 Qf7 26.Ne4 h6 27.Rbc1 Kh7 28.c5 Be5 29.f4 Bg7
30.cxd6 Rxc1 31.Rxc1 exd6 32.Nxd6 Qd7 33.Rd1 Rd8 34.Bb6 Rf8 35.g3 Nd4 36.Qd5 Nc6
37.Bc5 Rd8 38.Re1 Bf8 39.Re6 Bxd6 40.Rxd6 Qe8 41.Rxd8 Nxd8 42.f5 gxf5 43.Qxf5+ Kg8
44.Qd5+ Kh7 45.Qf5+ Kg8 46.Kg2 Qc6+ 47.Kh3 Nf7 48.Kh4 Kg7 49.Kh5 Kg8 50.Qg6+  1-0

[Event "European Rapid Championship"]
[Site "Warsaw POL"]
[Date "2010.12.18"]
[Round "8"]
[White "Deszczynski,A"]
[Black "Romanov,E"]
[Result "0-1"]
[WhiteElo "2366"]
[BlackElo "2605"]

1.e4 c5 2.Nf3 d6 3.Bb5+ Nc6 4.O-O Bd7 5.Re1 a6 6.Bf1 Nf6 7.c3 e5 8.h3 Be7
9.d4 O-O 10.Nbd2 b5 11.dxc5 dxc5 12.a4 Qb6 13.Nb1 Rfd8 14.axb5 axb5 15.Rxa8 Rxa8
16.Be3 Qb7 17.Nbd2 h6 18.Qb3 Rb8 19.Ra1 Be6 20.Qa3 c4 21.Bc5 Bxc5 22.Qxc5 Nd7
23.Qd6 Rd8 24.Qa3 Qb6 25.Qa6 Qc5 26.Qb7 Rb8 27.Qc7 Qb6 28.Qxb6 Nxb6 29.Ra6 Bc8
30.Ra2 Be6 31.Ra6 Kf8 32.Nb1 Bc8 33.Ra2 Nd7 34.Nfd2 Nc5 35.f3 Be6 36.Kf2 Ke7
37.Ke3 g6 38.Ra1 f5 39.Na3 f4+ 40.Kf2 g5 41.Ke1 h5 42.Nc2 Rd8 43.Ra3 Nd3+
44.Bxd3 cxd3 45.Nb4 Nxb4 46.cxb4 Rd4 47.b3 g4 48.hxg4 hxg4 49.Kd1 g3 50.Ra7+ Kf6
51.Ra6 Rd8 52.Nb1 Rc8 53.Na3 Ke7 54.Kd2 Bh3 55.gxh3 Rg8 56.Nxb5 g2 57.Ra1 g1=Q
58.Rxg1 Rxg1 59.Kxd3 Re1 60.Nc3 Re3+ 61.Kd2 Rxf3 62.h4 Rh3 63.b5 Kd6 64.b4 Rh2+
65.Kd3 Rh3+ 66.Kd2 Rxh4 67.Nd5 f3 68.b6 Kc6 69.b5+ Kxb5 70.b7 Rh8 71.Ke3 Kc6  0-1

[Event "Moscow Teams"]
[Site "Moscow RUS"]
[Date "2010.12.19"]
[Round "7"]
[White "Novichkov,Val"]
[Black "Kurukin,D"]
[Result "0-1"]
[WhiteElo "2377"]
[BlackElo "2301"]

1.e4 c5 2.Nf3 d6 3.Bb5+ Nd7 4.d4 a6 5.Bxd7+ Bxd7 6.dxc5 dxc5 7.Nbd2 Bg4 8.O-O e6
9.h3 Bh5 10.Qe2 Qc7 11.b3 Nf6 12.Bb2 Be7 13.c4 O-O-O 14.Qe3 Rhg8 15.Rad1 Nd7
16.e5 g5 17.g4 Bg6 18.Ne4 h5 19.Nf6 Bxf6 20.exf6 hxg4 21.hxg4 Qf4 22.Ne5 Nxe5
23.Bxe5 Qxe3 24.fxe3 Rh8 25.Kf2 Bd3 26.Rh1 Rxh1 27.Rxh1 Bg6 28.Kf3 b6 29.Rh2 Kb7
30.Bc3 Rd3 31.Rh6 Rd8 32.Be5 Kc6 33.Rh2 b5 34.Rh6 Bb1 35.Rh2 Bg6 36.Bc3 Rd3
37.Rh6 Kd7 38.Be5 bxc4 39.bxc4 Ra3 40.Rh2 Bd3 41.Rb2 Kc6 42.Rd2 Bxc4 43.Rd6+ Kb5
44.Rd7 Bd5+ 45.Kf2 Rxa2+ 46.Ke1 Bf3 47.Rxf7 Re2+ 48.Kf1 Rxe3 49.Bf4 Be2+
50.Ke1 Re4 51.Bxg5 Bxg4+ 52.Kf2 Re5 53.Bh4 Bh5 54.Rb7+ Kc6 55.Ra7 Kb6 56.Re7 c4
57.Kg3 Rf5 58.Rxe6+ Kb5 59.Kg2 c3 60.Be1 c2 61.Bd2 Bf3+ 62.Kg3 Bd5 63.Rd6 Bb3
64.Be3 a5 65.Rb6+ Kc4 66.Bc1 a4 67.Bb2 Kc5 68.Rb7 Kc6 69.Rb8 Kc7 70.Kg4 Rf1
71.Ra8 Kb7 72.Re8 c1=Q 73.Bxc1 Rxc1 74.f7 Bxf7 75.Re7+ Rc7 76.Re3 Kb6 77.Kf3 Kb5
78.Ke2 Kb4 79.Kd2 a3 80.Re1 a2  0-1

[Event "Schaakfestival Open A"]
[Site "Groningen NED"]
[Date "2010.12.26"]
[Round "5"]
[White "Bojkov,D"]
[Black "Nyzhnyk,I"]
[Result "1/2-1/2"]
[WhiteElo "2542"]
[BlackElo "2535"]

1.e4 c5 2.Nf3 d6 3.Bb5+ Nc6 4.O-O Bd7 5.c3 Nf6 6.Re1 a6 7.Ba4 b5 8.Bc2 Bg4
9.a4 Rb8 10.axb5 axb5 11.d4 cxd4 12.cxd4 e5 13.d5 Nd4 14.Nbd2 Be7 15.Bd3 O-O
16.h3 Nxf3+ 17.Nxf3 Bh5 18.Bd2 Nd7 19.b4 Nb6 20.Qe2 Nc4 21.Bxc4 Bxf3 22.Qxf3 bxc4
23.Ra7 Bg5 24.Bc3 Ra8 25.Rxa8 Qxa8 26.Ra1 Qb7 27.Qe2 f5 28.g3 Qc8 29.h4 Bd8
30.exf5 Qxf5 31.Ra6 Bc7 32.Rc6 Bb8 33.Rxc4 Qf7 34.Bd2 Ba7  1/2-1/2

[Event "XXI Cracow Open"]
[Site "Cracow POL"]
[Date "2010.12.27"]
[Round "1.24"]
[White "Kalvaitis,S"]
[Black "Siwiec,A"]
[Result "1-0"]
[WhiteElo "2327"]
[BlackElo "2105"]

1.e4 c5 2.Nf3 d6 3.Bb5+ Bd7 4.Bxd7+ Qxd7 5.O-O Nc6 6.c3 Nf6 7.Qe2 e5 8.h3 Be7
9.Rd1 Qc7 10.Na3 O-O 11.d4 a6 12.dxc5 dxc5 13.Bg5 Nd7 14.Nc4 Bxg5 15.Nxg5 b5
16.Ne3 Ne7 17.a4 c4 18.axb5 axb5 19.Rxa8 Rxa8 20.Qh5  1-0

[Event "XXI Cracow Open"]
[Site "Cracow POL"]
[Date "2010.12.27"]
[Round "1.38"]
[White "Wandzik,W"]
[Black "Jablonska,S"]
[Result "1/2-1/2"]
[WhiteElo "2241"]
[BlackElo "1903"]

1.e4 c5 2.Nf3 d6 3.Bb5+ Bd7 4.Bxd7+ Nxd7 5.O-O Ngf6 6.Re1 g6 7.c3 Bg7 8.d4 cxd4
9.cxd4 O-O 10.Nc3 Nb6 11.Bg5 h6 12.Bh4 g5 13.Bg3 Nh5 14.Rc1 Nxg3 15.hxg3 Rc8
16.Qd3 e6 17.Rc2 Qd7 18.Rec1 a6 19.Nd2 Rc7 20.Nf1 Rfc8 21.Ne3 Nc4 22.Nxc4 Rxc4
23.Ne2 Rxc2 24.Rxc2 Rxc2 25.Qxc2 Qc6 26.Qd3 d5 27.e5 Qc4 28.Qxc4 dxc4 29.f4 f5
30.Kf2 Kf7 31.d5 exd5 32.Ke3 Bf8 33.Kd4 Ke6 34.Nc3 Bb4 35.Na4 Be1 36.Nc5+ Ke7
37.Nxb7 Bxg3 38.fxg5 hxg5 39.Kxd5 f4 40.Nd6 Be1 41.Nxc4 Bg3 42.Nd6 Be1 43.Nf5+ Kd8
44.a3 g4 45.Ke4 Bd2 46.Nd4 Bc1 47.b3 f3 48.gxf3 gxf3 49.Nxf3 Bxa3 50.Kd5 Kc7
51.Nd4 Kb6 52.Nf5 Bf8 53.Nd6 a5 54.Kc4 Kc6 55.Nf5 Bb4 56.Nd4+ Kc7 57.Kd5 Kb6
58.e6 Bf8 59.Kc4 Kc7 60.Nf5 Bb4 61.Kb5 Bc3 62.Ne3 Bd2 63.Nc4 Be1 64.Kc5 Bb4+
65.Kd5 Be1 66.Nd6 Bh4 67.Nb5+ Kb6 68.Nc3 Kc7 69.Ne4 Be7 70.Ng3 Bd6 71.Nf5 Bb4
72.Kc4 Be1 73.Kb5 Bc3 74.e7 Kd7 75.Kb6 Be1 76.Nd4 Kxe7 77.Nc6+ Kd6 78.Nxa5 Kd5
79.Nc4 Kd4 80.Kb5 Kc3 81.Ka4 Kd4 82.Nb2 Kc3 83.Ka3 Kd4  1/2-1/2

[Event "Hastings Masters 2010-11"]
[Site "Hastings ENG"]
[Date "2010.12.29"]
[Round "2.38"]
[White "Anderson,J"]
[Black "Jelsen,Y"]
[Result "1-0"]
[WhiteElo "2195"]
[BlackElo "1967"]

1.e4 c5 2.Nf3 d6 3.Bb5+ Bd7 4.Bxd7+ Nxd7 5.c4 g6 6.Nc3 Bg7 7.d3 Ngf6 8.O-O O-O
9.Ng5 h6 10.Nh3 Ne5 11.f4 Nc6 12.Be3 Qd7 13.Nf2 e6 14.g4 b6 15.Kh1 d5 16.g5 d4
17.gxf6 Bxf6 18.e5 dxe3 19.Ng4 Bg7 20.Ne4 Qd4 21.Rf3 Rad8 22.Rxe3 Qxb2 23.Rh3 Nb4
24.Qg1 Rxd3 25.Nxh6+ Bxh6 26.Rxh6 Kg7 27.Re1 Kxh6 28.Qg5+ Kg7 29.Qf6+ Kg8
30.Qh4 Rfd8 31.Qh6 f5 32.Qxg6+ Kf8 33.Rg1 Rd1 34.Qg7+  1-0

[Event "Hastings Masters 2010-11"]
[Site "Hastings ENG"]
[Date "2010.12.29"]
[Round "2.28"]
[White "Green,An"]
[Black "Snape,I"]
[Result "1/2-1/2"]
[WhiteElo "2141"]
[BlackElo "2228"]

1.e4 c5 2.Nf3 d6 3.Bb5+ Nc6 4.O-O Bd7 5.Re1 a6 6.Bxc6 Bxc6 7.d4 cxd4 8.Qxd4 Nf6
9.Nc3 e5 10.Qd3 Be7 11.Bg5 h6 12.Bxf6 Bxf6 13.Red1 Be7 14.Nd5 Bxd5 15.Qxd5 Qc7
16.c4 O-O 17.Rac1 Rfd8 18.Rc3 Rac8 19.Ne1 Qc6 20.Qd3 Qa4 21.a3 b5 22.Rdc1 Bg5
23.R1c2 Rc5 24.cxb5  1/2-1/2

[Event "34th Christmas Master Open"]
[Site "Zuerich SUI"]
[Date "2010.12.29"]
[Round "6"]
[White "Ross,C"]
[Black "Schaerer,J"]
[Result "1/2-1/2"]
[WhiteElo "2223"]
[BlackElo "2104"]

1.e4 c5 2.Nf3 d6 3.Bb5+ Bd7 4.Bxd7+ Qxd7 5.c4 Nc6 6.Nc3 Nf6 7.d4 cxd4 8.Nxd4 Qg4
9.O-O Qxd1 10.Rxd1 Nxd4 11.Rxd4 Rc8 12.b3 g6 13.Bg5 Bg7 14.Rc1 h6 15.Bh4 g5
16.Bg3 Nh5 17.Rd3 Bxc3 18.Rdxc3 Nxg3 19.hxg3 Kd7 20.Rf3 f6 21.Rf5 Rc5 22.Rd1 b6
23.Kf1 Ke6 24.Rfd5 Rf8 25.g4 Rh8 26.R1d3 Kf7 27.Ke2 Kg7 28.Rh3 Rhc8 29.Rxc5 bxc5
30.Kd2 Rb8 31.Kc3 Kg6 32.Rh1 Rb6 33.Rb1 a5 34.Kb2 Rb4 35.Rc1 a4 36.Rc3 h5
37.gxh5+ Kxh5 38.a3 Rb7 39.Ka2 Kg4 40.bxa4 Kf4 41.f3 Kg3 42.Rc2 g4 43.Rc3 Kxg2
44.fxg4 Ra7 45.Kb3 Rb7+ 46.Kc2 Ra7 47.Kb3 Kf2 48.Rh3 Rb7+ 49.Kc2 Ra7 50.Kb3 Rb7+
51.Ka2 Ra7 52.Rb3 Ke2 53.a5 Kd2 54.a4 Rxa5 55.Ka3 Ra7 56.Rg3 Kc2 57.Rb3 Kd2
58.Rh3 Kc2 59.Rg3 Kd2 60.Rb3 Kc2  1/2-1/2

[Event "37th ch-IND w"]
[Site "Bhubaneswar IND"]
[Date "2010.12.30"]
[Round "6"]
[White "Rathore,So"]
[Black "Shweta,G"]
[Result "1-0"]
[WhiteElo "1971"]
[BlackElo "1906"]

1.e4 c5 2.Nf3 d6 3.Bb5+ Bd7 4.Bxd7+ Qxd7 5.c4 Nc6 6.d4 cxd4 7.Nxd4 g6 8.Nc3 Bg7
9.Be3 Nf6 10.h3 O-O 11.O-O Nxd4 12.Bxd4 Qc6 13.Qd3 Rfc8 14.b3 Nd7 15.Nd5 Re8
16.Rae1 Bxd4 17.Qxd4 Rac8 18.Re3 Qc5 19.Qd2 b5 20.Rc3 b4 21.Rg3 Nf6 22.Rg5 Nxd5
23.exd5 a5 24.h4 h6 25.Rg3 Kh7 26.Qf4 Rf8 27.Re1 Rce8 28.h5 Kg7 29.Kh2 g5
30.Qd2 e6 31.f4 exd5 32.fxg5 Rxe1 33.gxh6+ Kh8 34.Qxe1 dxc4 35.Qd1 Qe5 36.Qg4 Rd8  1-0

[Event "Rilton Cup 2010-11"]
[Site "Stockholm SWE"]
[Date "2010.12.30"]
[Round "4"]
[White "Markevich,I"]
[Black "Sagit,R"]
[Result "1/2-1/2"]
[WhiteElo "2175"]
[BlackElo "2406"]

1.e4 c5 2.Nf3 d6 3.Bb5+ Nd7 4.d4 cxd4 5.Qxd4 a6 6.Bxd7+ Bxd7 7.Bg5 h6 8.Bh4 Rc8
9.Nc3 e5 10.Qd3 g5 11.Bg3 Nf6 12.O-O-O Qa5 13.h4 Rg8 14.hxg5 hxg5 15.Kb1 Rxc3
16.bxc3 Be6 17.c4 Qb4+ 18.Qb3 Qxb3+ 19.cxb3 Nxe4 20.Kb2 f5 21.Rhe1 g4 22.Nd2 Nc5
23.Bh2 Kf7 24.Bg1 Nd7 25.Nb1 Rh8 26.Nc3 e4 27.Kb1 Bg7 28.Ne2 Be5 29.Nd4 Nf6
30.f3 gxf3 31.gxf3 d5 32.Nxe6 Kxe6 33.cxd5+ Nxd5 34.Bd4 Bxd4 35.Rxd4 Ke5
36.Rd3 Rh2 37.fxe4 fxe4 38.Rg3 e3 39.Rg5+ Ke4 40.Rxd5  1/2-1/2

[Event "WSB Masters GM"]
[Site "Wroclaw POL"]
[Date "2010.12.30"]
[Round "6"]
[White "Simacek,P"]
[Black "Sadzikowski,D"]
[Result "1-0"]
[WhiteElo "2469"]
[BlackElo "2371"]

1.e4 c5 2.Nf3 d6 3.Bb5+ Bd7 4.c4 Nf6 5.Nc3 g6 6.O-O Bg7 7.Bxd7+ Nfxd7 8.d4 cxd4
9.Nxd4 Nc6 10.Nde2 O-O 11.Bg5 Qa5 12.Qd2 Rfc8 13.Rad1 Nf6 14.b3 Rab8 15.h3 a6
16.a4 Qb4 17.Qc2 Na5 18.Nd4 e6 19.Bd2 Qb6 20.Be3 Qc7 21.Qb1 Rd8 22.Nde2 Rd7
23.Rd2 Rbd8 24.Rfd1 Nc6 25.Qc1 Na5 26.Qa3 Bf8 27.Qb4 d5 28.Qb6 d4 29.Qxc7 Rxc7
30.Rxd4 Rxd4 31.Bxd4 Nd7 32.Nc1 Ba3 33.N3e2 Nc5 34.Bc3 Nc6 35.f3 f5 36.exf5 gxf5
37.Kf2 Kf7 38.Rd2 Rc8 39.Ra2 Bb4 40.Bxb4 Nxb4 41.Rd2 Ke7 42.Nf4 Rb8 43.Ke3 b5
44.axb5 axb5 45.Kd4 Nd7 46.Kc3 bxc4 47.bxc4 Nc5 48.Ncd3 Na4+ 49.Kd4 Rd8+
50.Ke3 Nb6 51.Nb2 e5 52.Nfd3 f4+ 53.Ke2 Nc6 54.Kf2 Nb4 55.Ke2 Nc6 56.Rd1 Nd4+
57.Kf2 Nc6 58.c5 Nd5 59.Ra1 Ndb4 60.Nxb4 Nxb4 61.Ra7+ Ke6 62.Ke2 Rg8 63.Kf1 Nc2
64.Nd1 Rd8 65.Nc3 Ne3+ 66.Ke2 Nxg2 67.Rxh7 Rc8 68.Rh6+ Kf7 69.Ne4 Ke7 70.h4 Ne3
71.h5 Nf5 72.Rh7+ Ke6 73.Kd3 Ng3 74.Rh6+ Ke7 75.Rh7+ Ke6 76.c6 Rd8+ 77.Rd7 Rc8
78.Nc5+ Kf6 79.c7 Nxh5 80.Na6 e4+ 81.fxe4 f3 82.Rd8  1-0

[Event "XXI Cracow Open"]
[Site "Cracow POL"]
[Date "2010.12.31"]
[Round "5.17"]
[White "Kalvaitis,S"]
[Black "Lach,A"]
[Result "0-1"]
[WhiteElo "2327"]
[BlackElo "2206"]

1.e4 c5 2.Nf3 d6 3.Bb5+ Bd7 4.Bxd7+ Qxd7 5.O-O e6 6.c3 Nf6 7.Qe2 Be7 8.d4 cxd4
9.cxd4 d5 10.e5 Ne4 11.Nbd2 Nxd2 12.Bxd2 Nc6 13.Qd3 Qd8 14.a3 Qb6 15.b4 a6
16.Rfc1 O-O 17.Bg5 f6 18.exf6 Bxf6 19.Bxf6 Rxf6 20.Re1 Rh6 21.Re3 Ne7 22.Ng5 Nf5
23.Rxe6 Qxd4 24.Qxd4 Nxd4 25.Rxh6 gxh6 26.Rd1 Rc8 27.g3 Ne2+ 28.Kg2 Nc3  0-1

[Event "Hastings Masters 2010-11"]
[Site "Hastings ENG"]
[Date "2011.01.01"]
[Round "5.32"]
[White "Haria,R"]
[Black "Jaunooby,A"]
[Result "0-1"]
[WhiteElo "1952"]
[BlackElo "2207"]

1.e4 c5 2.Nf3 d6 3.Bb5+ Nd7 4.d4 cxd4 5.Qxd4 a6 6.Bxd7+ Bxd7 7.Nc3 e6 8.Bg5 Qa5
9.O-O-O Rc8 10.Kb1 e5 11.Qd2 h6 12.Bh4 g5 13.Bg3 Nf6 14.Nd5 Qxd2 15.Nxf6+ Ke7
16.Rxd2 Kxf6 17.Bxe5+ dxe5 18.Rxd7 b6 19.Rd5 Re8 20.Rhd1 Bc5 21.R1d2 Re6
22.c3 a5 23.a4 Rc8 24.Ne1 Be7 25.f3 h5 26.Nc2 Bc5 27.Ka2 g4 28.R2d3 Bg1 29.fxg4 hxg4
30.h3 Rc4 31.Rd1 Bf2 32.R1d2 g3 33.Re2 Re8 34.Kb3 Rec8 35.Na3 R4c6 36.Nb5 Rh8
37.Red2 Re6 38.Nd6 Rh4 39.R5d3 Rf4 40.Re2 Kg5 41.Nf5 Rxf5 42.exf5 Kxf5 43.Rf3+ Kg6
44.Rfxf2 gxf2 45.Rxf2 e4 46.Kc4 e3 47.Re2 Kf5 48.Kd3 Kf4 49.Rc2 Rd6+ 50.Ke2 Ke4
51.c4 Rg6 52.Ke1 Kd3 53.Rc3+ Kd4 54.Rc2 f5 55.Kd1 f4 56.Ke1 Rg5 57.Kd1 Rg3
58.Ke1 f3 59.gxf3 Rxf3 60.Rg2 Kd3 61.Rg8 Rxh3 62.Rd8+ Kxc4 63.Ke2 Rh2+ 64.Kxe3 Rxb2
65.Rd4+ Kb3 66.Kd3 Ka3 67.Kc3 Rb4 68.Rd1 Kxa4 69.Ra1+ Kb5 70.Rh1 Rc4+ 71.Kb3 a4+
72.Ka3 Rc3+ 73.Kb2 Kb4 74.Rh8 b5 75.Rh5 a3+ 76.Kb1 Ka4 77.Rh4+ Kb3 78.Rh1 b4
79.Rg1 Rc4 80.Rg3+ Ka4 81.Rg8 Rh4 82.Rg1 Re4 83.Rh1 b3 84.Ka1 Kb4 85.Rg1 Re3
86.Rg4+ Kc3 87.Rg1 Kd2 88.Rc1 b2+ 89.Ka2 bxc1=N+  0-1

[Event "Berkeley Int Open"]
[Site "Berkeley USA"]
[Date "2011.01.02"]
[Round "2"]
[White "Bojkov,D"]
[Black "Rensch,D"]
[Result "1/2-1/2"]
[WhiteElo "2544"]
[BlackElo "2393"]

1.e4 c5 2.Nf3 d6 3.Bb5+ Nd7 4.d4 Nf6 5.Nc3 cxd4 6.Qxd4 e5 7.Qd3 h6 8.Be3 Be7
9.a4 O-O 10.O-O Qc7 11.Bc4 Nc5 12.Bxc5 Qxc5 13.Nd5 Nxd5 14.Bxd5 Be6 15.Bxe6 fxe6
16.Qb3 Qc8 17.a5 Rb8 18.Ra4 Rd8 19.Rd1 b5 20.Raa1 Qc4  1/2-1/2

[Event "XXI Cracow Open"]
[Site "Cracow POL"]
[Date "2011.01.02"]
[Round "7.11"]
[White "Barski,R"]
[Black "Mikrut,D"]
[Result "1/2-1/2"]
[WhiteElo "2278"]
[BlackElo "2372"]

1.e4 c5 2.Nf3 d6 3.Bb5+ Bd7 4.Bxd7+ Nxd7 5.O-O Ngf6 6.Re1 e6 7.c4 Ne5 8.d3 Be7
9.Nc3 O-O 10.Bf4 Nfd7 11.Rb1 a6 12.a3 Bf6 13.Qe2 Rb8 14.Rec1 b5 15.Nxe5 Nxe5
16.cxb5 axb5 17.Bxe5 Bxe5 18.b4 cxb4 19.Rxb4 Qf6 20.Qe1 Ra8 21.Nxb5 Bb2 22.Rb1 Bxa3
23.Nxa3 Rxa3 24.R4b3 Ra2 25.Qe3 g6 26.g3 Kg7 27.d4 Rc8 28.R3b2 Ra4 29.Rb4 Rc4
30.Rxc4 Rxc4 31.Rd1 h6 32.Kg2 h5  1/2-1/2

[Event "XXI Cracow Open"]
[Site "Cracow POL"]
[Date "2011.01.02"]
[Round "7.25"]
[White "Wandzik,W"]
[Black "Adamowicz,K"]
[Result "1-0"]
[WhiteElo "2241"]
[BlackElo "2139"]

1.e4 c5 2.Nf3 d6 3.Bb5+ Nd7 4.O-O Nf6 5.Re1 a6 6.Bf1 g6 7.c3 Bg7 8.d4 e5
9.Bg5 Qc7 10.a4 O-O 11.dxe5 dxe5 12.Nbd2 h6 13.Bh4 b6 14.Nc4 Bb7 15.Qd6 Qxd6
16.Nxd6 Bc6 17.Bc4 g5 18.Bxg5 Nxe4 19.Nxe4 b5 20.Be7 Rfe8 21.axb5 axb5 22.Rxa8 Bxa8
23.Bxb5 Rxe7 24.Bxd7 Bxe4 25.Rxe4 Rxd7 26.g4 Rb7 27.Re2 f6 28.Nh4 Kf7 29.Kg2 Bf8
30.Rd2 Ke6 31.h3 Rb8 32.Kf3 Rb7 33.Ke4 Rb8 34.Nf5 Be7 35.h4 Rg8 36.f3 h5
37.gxh5 Ra8 38.b3 Rb8 39.h6 Rxb3 40.h7 Rb8 41.Rg2 Rh8 42.Rg7 Bd6 43.c4  1-0

[Event "Hastings Masters 2010-11"]
[Site "Hastings ENG"]
[Date "2011.01.02"]
[Round "6.34"]
[White "Anderson,J"]
[Black "Flynn,D"]
[Result "1-0"]
[WhiteElo "2195"]
[BlackElo "2061"]

1.e4 c5 2.Nf3 d6 3.Bb5+ Bd7 4.Bxd7+ Qxd7 5.O-O Nc6 6.c3 Nf6 7.d4 Nxe4 8.d5 Ne5
9.Re1 Nxf3+ 10.Qxf3 Nf6 11.c4 g6 12.Qxf6 Rg8 13.Qf3 Bg7 14.Nc3  1-0

[Event "53rd Masters"]
[Site "Reggio Emilia ITA"]
[Date "2011.01.02"]
[Round "5"]
[White "Movsesian,S"]
[Black "Navara,D"]
[Result "1/2-1/2"]
[WhiteElo "2721"]
[BlackElo "2708"]

1.e4 c5 2.Nf3 d6 3.Bb5+ Bd7 4.Bxd7+ Qxd7 5.c4 Nf6 6.Nc3 g6 7.d4 cxd4 8.Nxd4 Bg7
9.f3 O-O 10.Be3 Nc6 11.O-O a6 12.b3 Nxd4 13.Bxd4 b5 14.cxb5 axb5 15.Qd3 b4
16.Na4 Qb7 17.Rac1 Rfc8 18.Qd2 Nd7 19.Bxg7 Kxg7 20.Qd4+ Kg8 21.h3 Qb5 22.Qe3 Nc5
23.Nxc5 dxc5 24.Rf2 c4 25.bxc4 Rxc4 26.Rd1  1/2-1/2

[Event "Berkeley Int Open"]
[Site "Berkeley USA"]
[Date "2011.01.03"]
[Round "3"]
[White "Kiewra,K"]
[Black "Bykhovsky,An ISR"]
[Result "1/2-1/2"]
[WhiteElo "2337"]
[BlackElo "2510"]

1.e4 c5 2.Nf3 d6 3.Bb5+ Nc6 4.O-O Bd7 5.c3 Nf6 6.Re1 a6 7.Ba4 b5 8.Bc2 Bg4
9.h3 Bxf3 10.Qxf3 g6 11.d3 Bg7 12.Be3 O-O 13.Nd2 Nd7 14.Rac1 a5 15.Qd1 Nb6
16.Nf3 e6 17.Qd2 Re8 18.Bh6 Bh8 19.Bb1 Rc8 20.a3 Qc7 21.Ba2 Ne5 22.Re3 Bg7
23.Bxg7 Nxf3+ 24.Rxf3 Kxg7 25.Re3 Red8 26.Ree1 d5 27.exd5 Nxd5 28.Bxd5 Rxd5
29.c4 bxc4 30.Rxc4 Rcd8 31.Qc3+ Kg8 32.Re3 h5 33.Ra4 Ra8 34.b4 Rd4 35.Rxa5 Rxa5
36.bxa5 Ra4 37.Re5 Qxa5 38.Rxc5 Qxc3 39.Rxc3 Kg7 40.Kf1 Kf6 41.Ke2 g5 42.Kd2 g4
43.hxg4 Rxg4 44.g3 h4 45.gxh4 Rxh4 46.Rc4 Rh1 47.f4 e5 48.a4 exf4 49.Rxf4+ Ke6
50.Kc3 f5 51.a5 Ra1 52.Kb4 Ke5 53.Rf2 f4 54.Kb5 Rb1+ 55.Kc6 Rc1+ 56.Kb7 Rb1+
57.Ka7 Rd1 58.a6 Rxd3 59.Rb2 f3 60.Kb7 Kf4 61.a7 Ra3 62.a8=Q Rxa8 63.Kxa8 Kg3
64.Rb3 Kg2 65.Rxf3 Kxf3  1/2-1/2